000 00597nam a2200205Ia 4500
005 20250923144656.0
008 008 250917s9999 xx 000 0 eng d
037 _aTextual
040 _aDSWL
_beng
_cDSWL
041 _aeng
_2eng
084 _aY592u.2,M, M84
_qDSWL
100 _aTagore, S.M.
_9827258
245 0 _aCaste system of the Hindus
_cby S.M. Tagore
260 _aCalcutta
_bCalcutta Printed at the Catholic Ouphan Press
_c1884
300 _a33p.
365 _aINR
_b10
925 _g10
942 _cTEXL
_hY592u.2,M, M84
999 _c1441906
_d1441906